00467nam a2200193Ia 4500003000400000005001700004008004100021020001800062040000700080041001200087082001700099100002800116245003000144260004200174300001600216365001300232650001400245650001400259OSt20250903182656.0210423s2013 xx 000 0 und d a9780198095439 cAL aEnglish a330.9 bGOVE aGovernment Of Karnataka aEconomic survey 2012-2013 aOxfordbOxford University Pressc2013 a294,127bPB b395cINR aEconomics aEconomics